Elevational gradient of species richness: an uniform pattern? (Registro nro. 9516)

Detalles MARC
000 -CABECERA
Campo de control 004700000a22001570004500
090 ## - CLASIFICACIÓN LOCAL
Colección AR
Consecutivo 00420
041 0# - IDIOMA
Código de idioma para texto/pista de sonido o título separado
100 1# - ASIENTO PRINCIPAL--NOMBRE PERSONAL
Nombre personal Rahbek, Carsten
245 10 - MENCION DE TITULO
Título Elevational gradient of species richness: an uniform pattern?
650 14 - ASIENTO SECUNDARIO DE MATERIA - TERMINO TEMATICO
Término temático o nombre geográfico como elemento de entrada Riqueza de especies
650 14 - ASIENTO SECUNDARIO DE MATERIA - TERMINO TEMATICO
Término temático o nombre geográfico como elemento de entrada Distribución altitudinal
650 14 - ASIENTO SECUNDARIO DE MATERIA - TERMINO TEMATICO
Término temático o nombre geográfico como elemento de entrada Dinámica poblacional
650 14 - ASIENTO SECUNDARIO DE MATERIA - TERMINO TEMATICO
Término temático o nombre geográfico como elemento de entrada Biogeografía
773 1# - Item fuente:
Título Ecolography
Especificación de materiales 168
Descripción física 2
Paginas del Articulo 200-205
Lugar, editorial y fecha de publicación 1995
Información sobre la relación 18
942 ## - ELEMENTOS ADICIONALES (KOHA)
Tipo de ítem Artículo
Existencias
Withdrawn status Lost status Damaged status No para préstamo Colección Ubicación Permanente Ubicación actual Fecha de adquisición Datos de publicación Seriada Total Checkouts Número topográfico Inventario / Código de Barras Date last seen Ejemplar Price effective from Forma de adquisición Tipo de material
      No para Préstamo Hemeroteca Bogotá Bogotá 27/02/2015 Fuera de circulación   AR 00420 010692 25/03/2015 1 25/03/2015   Artículo
      No para Préstamo Hemeroteca Bogotá Bogotá 27/02/2015 Fuera de circulación   AR 00420 010693 25/03/2015 2 25/03/2015   Artículo